|
|
|
|
| LEADER |
00619nam a22001577a 4500 |
| 008 |
150120t2002 ii ||||| |||| 00| 0 eng d |
| 020 |
|
|
|a 9788170337133
|c Rs. 575.00
|
| 082 |
|
|
|a 791.436522
|
| 245 |
|
|
|a Films and feminism :
|b essays in Indian cinema /
|c edited by Jasbir Jain and Sudha Rai
|
| 260 |
|
|
|a Jaipur :
|b Rawat,
|c c2002.
|
| 300 |
|
|
|a 280 p. ;
|
| 653 |
|
|
|a India
|a Feminism and motion pictures
|
| 700 |
|
|
|a Jasbir Jain and Sudha Rai
|e editors
|
| 942 |
|
|
|c BK
|
| 999 |
|
|
|c 274151
|d 274151
|
| 952 |
|
|
|0 0
|1 0
|2 ddc
|4 0
|6 791_436522000000000_FIL
|7 0
|9 308512
|a PHL
|b PHL
|c ST1
|d 2015-01-20
|g 575.00
|i 4360
|l 0
|o 791.436522 FIL
|p PHL4360
|r 2015-01-20
|y BK
|